Oman : (Record no. 26503)
[ view plain ]
| 000 -LEADER | |
|---|---|
| fixed length control field | 00824pam a2200265 a 4500 |
| 001 - CONTROL NUMBER | |
| control field | 26503 |
| 003 - CONTROL NUMBER IDENTIFIER | |
| rucl marc code | BD-RjUL |
| 005 - DATE AND TIME OF LATEST TRANSACTION | |
| control field | 20211209051027.0 |
| 008 - FIXED-LENGTH DATA ELEMENTS--GENERAL INFORMATION | |
| fixed length control field | 140322s1987 coua b 001 0 eng |
| 020 ## - INTERNATIONAL STANDARD BOOK NUMBER | |
| International Standard Book Number | 0813301254 (alk. paper) : |
| 035 ## - SYSTEM CONTROL NUMBER | |
| System control number | (BD-RjUL)26573 |
| 040 ## - CATALOGING SOURCE | |
| Original cataloging agency | DLC |
| Transcribing agency | DLC |
| Modifying agency | DLC |
| Language of cataloging | eng |
| 041 ## - LANGUAGE CODE | |
| Language code of text/sound track or separate title | eng |
| 082 00 - DEWEY DECIMAL CLASSIFICATION NUMBER | |
| Classification number | 953.53 |
| Edition number | 19 |
| Author mark and year | ALO 1987 |
| 100 1# - MAIN ENTRY--PERSONAL NAME | |
| Personal name | Allen, Calvin H. |
| 9 (RLIN) | 81515 |
| 245 10 - TITLE STATEMENT | |
| Title | Oman : |
| Remainder of title | the modernization of the sultanate / |
| Statement of responsibility, etc. | Calvin H. Allen, Jr. |
| 260 ## - PUBLICATION, DISTRIBUTION, ETC. (IMPRINT) | |
| Place of publication, distribution, etc. | Boulder, Colo. : |
| Name of publisher, distributor, etc. | Westview Press ; |
| Place of publication, distribution, etc. | London, England : |
| Name of publisher, distributor, etc. | Croom Helm, |
| Date of publication, distribution, etc. | 1987. |
| 300 ## - PHYSICAL DESCRIPTION | |
| Pagination | xiii, 154 p. : |
| Illustrations | ill. ; |
| Size | 24 cm. |
| 504 ## - BIBLIOGRAPHY, ETC. NOTE | |
| Bibliography, etc | Includes index. |
| 651 #0 - SUBJECT ADDED ENTRY--GEOGRAPHIC NAME | |
| Geographic name | Oman. |
| 9 (RLIN) | 81517 |
| 942 ## - ADDED ENTRY ELEMENTS (KOHA) | |
| Source of classification or shelving scheme | Dewey Decimal Classification |
| Koha item type | Books |
| Lost status | Source of classification or shelving scheme | Damaged status | Not for loan | Collection code | Permanent Location | Current Location | Shelving location | Date acquired | Source of acquisition | Cost, normal purchase price | Total Checkouts | Full call number | Date last seen | Date checked out | Copy number | Koha item type |
|---|---|---|---|---|---|---|---|---|---|---|---|---|---|---|---|---|
| Dewey Decimal Classification | Non-fiction | Central Library, University of Rajshahi | Central Library, University of Rajshahi | 04/06/1990 | N/A | 0.00 | 1 | 953.53 ALO 1987 | 12/09/2015 | 21/04/2015 | C-2 | Books | ||||
| Dewey Decimal Classification | Added to bundle | Non-fiction | Central Library, University of Rajshahi | Central Library, University of Rajshahi | Reading Room | 04/06/1990 | N/A | 0.00 | 953.53 ALO 1987 | 27/03/2014 | C-1 | Books |